བསྟན་པའི་འཇུག་སྒོ་སྐྱབས་འགྲོ། (Record no. 8048)
[ view plain ]
| 000 -LEADER | |
|---|---|
| fixed length control field | 00480nam a22001457a 4500 |
| 008 - FIXED-LENGTH DATA ELEMENTS--GENERAL INFORMATION | |
| fixed length control field | 190705b ||||| |||| 00| 0 eng d |
| 020 ## - INTERNATIONAL STANDARD BOOK NUMBER | |
| International Standard Book Number | 9789993677192 |
| 082 ## - DEWEY DECIMAL CLASSIFICATION NUMBER | |
| Classification number | 294.3 D69r |
| 100 ## - MAIN ENTRY--PERSONAL NAME | |
| Personal name | Dorji, Tenzin |
| 245 ## - TITLE STATEMENT | |
| Title | བསྟན་པའི་འཇུག་སྒོ་སྐྱབས་འགྲོ། |
| Remainder of title | Refuge: The Path to Buddha Dharma |
| 260 ## - PUBLICATION, DISTRIBUTION, ETC. | |
| Place of publication, distribution, etc. | Trongsa ; |
| Name of publisher, distributor, etc. | College of Language and Culture Studies, |
| 300 ## - PHYSICAL DESCRIPTION | |
| Extent | 76 p. |
| Dimensions | 24 cm. |
| 650 ## - SUBJECT ADDED ENTRY--TOPICAL TERM | |
| Topical term or geographic name entry element | Buddha Dharma |
| 942 ## - Added entry Elements (Koha) | |
| Source of classification or shelving scheme | Dewey Decimal Classification |
| Withdrawn status | Lost status | Source of classification or shelving scheme | Damaged status | Not for loan | Collection code | Home library | Current library | Shelving location | Date acquired | Serial Enumeration / chronology | Total Checkouts | Full call number | Barcode | Date last seen | Date last checked out | Price effective from | Koha item type |
|---|---|---|---|---|---|---|---|---|---|---|---|---|---|---|---|---|---|
| Dewey Decimal Classification | Dzongkha | RTC Library | RTC Library | Dzongkha | 05/07/2019 | 13961 | 1 | 294.3 DOR | 30013803 | 12/01/2022 | 09/09/2019 | 05/07/2019 | Dzongkha | ||||
| Dewey Decimal Classification | Dzongkha | RTC Library | RTC Library | Dzongkha | 02/03/2021 | 14883 | 294.3 DOR | 30014156 | 12/01/2022 | 02/03/2021 | Dzongkha | ||||||
| Dewey Decimal Classification | Dzongkha | RTC Library | RTC Library | Dzongkha | 02/03/2021 | 14882 | 294.3 DOR | 30014230 | 12/01/2022 | 02/03/2021 | Dzongkha | ||||||
| Dewey Decimal Classification | Dzongkha | RTC Library | RTC Library | Dzongkha | 02/03/2021 | 14881 | 294.3 DOR | 30014161 | 12/01/2022 | 02/03/2021 | Dzongkha |